| 000 | 00809nam a2200205Ia 4500 | ||
|---|---|---|---|
| 003 | GCL | ||
| 005 | 20240530103401.0 | ||
| 008 | 140319s9999 xx 000 0 ara d | ||
| 040 |
_aGCL / _cGCL |
||
| 082 | 0 | 4 |
_a301.2531 _bع ب |
| 100 | 1 | _aعلياء على شكرى | |
| 245 | 1 | 0 |
_aبعض ملامح التغير الاجتماعى الثقافى فى الوطن العربى / _cعلياء على شكرى |
| 300 | _a470 ص | ||
| 490 |
_aعلم الاجتماع المعاصر _v0 |
||
| 500 | _aدراسة ميدانية اثقافة بعض المجتمعات المحلية فى المملكة العربية السعودية | ||
| 650 | 0 | 4 | _aالاجتماع، علم |
| 650 | 0 | 4 | _aالسعودية - الثقافة |
| 650 | 0 | 4 | _aالسعودية - الاحوال الثقافية |
| 942 |
_2ddc _cBK |
||
| 999 |
_c38979 _d38979 |
||